Textbook of Community Health Nursing - II (Record no. 1317)
[ view plain ]
| 000 -LEADER | |
|---|---|
| Fixed length control field | 00567nam a2200193Ia 4500 |
| 003 - CONTROL NUMBER IDENTIFIER | |
| Control field | IIN |
| 005 - DATE AND TIME OF LATEST TRANSACTION | |
| Control field | 20250522115950.0 |
| 008 - FIXED-LENGTH DATA ELEMENTS--GENERAL INFORMATION | |
| Fixed length control field | 231217s9999 xx 000 0 und d |
| 020 ## - INTERNATIONAL STANDARD BOOK NUMBER / ISBN | |
| Price | Rs.550.00 |
| International Standard Book Number | 9789386827227 |
| 040 ## - CATALOGING SOURCE | |
| Original cataloging agency | IIN |
| Language of cataloging | English |
| 082 ## - DEWEY DECIMAL CLASSIFICATION NUMBER | |
| Classification number | 610.7343 |
| Book Number | MAN |
| 100 1# - MAIN ENTRY--PERSONAL NAME | |
| Personal name | Manivannan, Shyamala D. |
| 245 1# - TITLE STATEMENT | |
| Title | Textbook of Community Health Nursing - II |
| Sub title | for B.Sc Students / |
| Statement of responsibility | Shyamala D. Manivannan |
| 260 ## - IMPRINT | |
| Place of publication | New Delhi |
| Name of publisher | CBSPD |
| Date of publication | 2022 |
| 300 ## - PHYSICAL DESCRIPTION | |
| Page / Vol. No | l, 294p. / Vol.2 |
| Other physical details | ill. |
| 500 ## - GENERAL NOTE | |
| General note | Includes Index |
| 650 1# - SUBJECT ADDED ENTRY--TOPICAL TERM | |
| Topical term | Community Health |
| Form subdivision | Nursing |
| 942 ## - ADDED ENTRY ELEMENTS (KOHA) | |
| Koha item type | Books |
| Withdrawn status | Lost status | Source of classification | Damaged status | Not for loan | Collection code | Home library | Current library | Shelving location | Date acquired | Price | Total Checkouts | Call number | Accession number | Date last seen | Copy number | Price effective from | Koha item type | Date checked out |
|---|---|---|---|---|---|---|---|---|---|---|---|---|---|---|---|---|---|---|
| Dewey Decimal Classification | IDEAL INSTITUTE OF NURSING | IDEAL INSTITUTE OF NURSING | General Stacks | 17/12/2023 | 550.00 | 610.7343 MAN | 1311 | 17/12/2023 | 1 | 17/12/2023 | Books | |||||||
| Dewey Decimal Classification | IDEAL INSTITUTE OF NURSING | IDEAL INSTITUTE OF NURSING | General Stacks | 17/12/2023 | 550.00 | 610.7343 MAN | 1312 | 17/12/2023 | 2 | 17/12/2023 | Books | |||||||
| Dewey Decimal Classification | IDEAL INSTITUTE OF NURSING | IDEAL INSTITUTE OF NURSING | General Stacks | 17/12/2023 | 550.00 | 1 | 610.7343 MAN | 1313 | 09/09/2025 | 3 | 17/12/2023 | Books | 02/06/2025 | |||||
| Dewey Decimal Classification | IDEAL INSTITUTE OF NURSING | IDEAL INSTITUTE OF NURSING | General Stacks | 11/03/2025 | 550.00 | 610.7343 MAN | 2065 | 22/05/2025 | 4 | 17/12/2023 | Books |
